00601nam a2200169 i 450000100060000000300090000600500170001500700030003200800410003510000390007624500640011526000430017930000390022285200320026199900170029395201210031039457ES-MaACL20240428063030.0t|030303s1956 sp ||||1| spa d0 aCancio, Jesús,d1885-196193443310aBronces de mi costa b: (prosa y verso) / cJesús Cancio. aMadrid : b[s.n., c1956] (fImp. Aro) a170 p. : b1 retr. aut. ; c20 cm. aES-MaACLjC-14512 bR.39808 c39457d39457 00104070aATENEOMbATENEOMcFICHd2008-01-17eSCl0oC-14512p1041555r2023-02-23 00:00:00w2023-02-23yMONOGRAFIA